<?xml version="1.0" encoding="UTF-8"?>
<record
    xmlns:xsi="http://www.w3.org/2001/XMLSchema-instance"
    xsi:schemaLocation="http://www.loc.gov/MARC21/slim http://www.loc.gov/standards/marcxml/schema/MARC21slim.xsd"
    xmlns="http://www.loc.gov/MARC21/slim">

  <leader>01046nam2a2200229   4500</leader>
  <controlfield tag="001">rc\3018874</controlfield>
  <controlfield tag="005">20260315064549.0</controlfield>
  <datafield tag="035" ind1=" " ind2=" ">
    <subfield code="a">(NLR Aleph) 007161064</subfield>
  </datafield>
  <datafield tag="090" ind1=" " ind2=" ">
    <subfield code="a">13618871</subfield>
    <subfield code="c">13618871</subfield>
  </datafield>
  <datafield tag="100" ind1=" " ind2=" ">
    <subfield code="a">20110927d1941    u  y0rusy50      ca</subfield>
  </datafield>
  <datafield tag="101" ind1="0" ind2=" ">
    <subfield code="a">rus</subfield>
  </datafield>
  <datafield tag="102" ind1=" " ind2=" ">
    <subfield code="a">RU</subfield>
  </datafield>
  <datafield tag="105" ind1=" " ind2=" ">
    <subfield code="a">a   z   |||||</subfield>
  </datafield>
  <datafield tag="200" ind1="0" ind2=" ">
    <subfield code="a">&#x422;. 1</subfield>
  </datafield>
  <datafield tag="210" ind1=" " ind2=" ">
    <subfield code="d">1941</subfield>
  </datafield>
  <datafield tag="215" ind1=" " ind2=" ">
    <subfield code="a">240 &#x441;.</subfield>
    <subfield code="c">&#x438;&#x43B;., &#x447;&#x435;&#x440;&#x442;.</subfield>
  </datafield>
  <datafield tag="461" ind1=" " ind2="0">
    <subfield code="1">001rc\3018873</subfield>
    <subfield code="1">2000#$a&#x423;&#x447;&#x435;&#x431;&#x43D;&#x438;&#x43A; &#x434;&#x43B;&#x44F; &#x43C;&#x435;&#x434;&#x438;&#x446;&#x438;&#x43D;&#x441;&#x43A;&#x438;&#x445; &#x441;&#x435;&#x441;&#x442;&#x435;&#x440;$e&#x422;. 1-$f&#x421;&#x43E;&#x441;&#x442;. &#x41C;.&#x421;. &#x418;&#x445;&#x442;&#x435;&#x439;&#x43C;&#x430;&#x43D;$g&#x418;&#x441;&#x43F;&#x43E;&#x43B;&#x43D;&#x438;&#x442;. &#x43A;&#x43E;&#x43C;. &#x421;&#x43E;&#x44E;&#x437;&#x430; &#x43E;-&#x432; &#x43A;&#x440;&#x430;&#x441;&#x43D;&#x43E;&#x433;&#x43E; &#x43A;&#x440;&#x435;&#x441;&#x442;&#x430; &#x438; &#x43A;&#x440;&#x430;&#x441;&#x43D;&#x43E;&#x433;&#x43E; &#x43F;&#x43E;&#x43B;&#x443;&#x43C;&#x435;&#x441;&#x44F;&#x446;&#x430; &#x421;&#x421;&#x421;&#x420;$v&#x422;. 1</subfield>
    <subfield code="1">700#1$a&#x418;&#x445;&#x442;&#x435;&#x439;&#x43C;&#x430;&#x43D;$b&#x41C;.&#x421;.$g&#x41C;&#x430;&#x440;&#x43A; &#x421;&#x43E;&#x43B;&#x43E;&#x43C;&#x43E;&#x43D;&#x43E;&#x432;&#x438;&#x447;$f1877-</subfield>
    <subfield code="9">7249525</subfield>
    <subfield code="a">&#x418;&#x445;&#x442;&#x435;&#x439;&#x43C;&#x430;&#x43D;, &#x41C;.&#x421;. (1877-)</subfield>
    <subfield code="c">&#x41C;&#x43E;&#x441;&#x43A;&#x432;&#x430;</subfield>
    <subfield code="d">1941</subfield>
    <subfield code="e">2-&#x435; &#x438;&#x437;&#x434;.</subfield>
    <subfield code="f">&#x421;&#x43E;&#x441;&#x442;. &#x41C;.&#x421;. &#x418;&#x445;&#x442;&#x435;&#x439;&#x43C;&#x430;&#x43D;</subfield>
    <subfield code="n">&#x41C;&#x435;&#x434;&#x433;&#x438;&#x437;</subfield>
    <subfield code="o">&#x422;. 1-</subfield>
    <subfield code="t">&#x423;&#x447;&#x435;&#x431;&#x43D;&#x438;&#x43A; &#x434;&#x43B;&#x44F; &#x43C;&#x435;&#x434;&#x438;&#x446;&#x438;&#x43D;&#x441;&#x43A;&#x438;&#x445; &#x441;&#x435;&#x441;&#x442;&#x435;&#x440;</subfield>
    <subfield code="v">&#x422;. 1</subfield>
  </datafield>
  <datafield tag="801" ind1=" " ind2="0">
    <subfield code="a">RU</subfield>
    <subfield code="b">NLR</subfield>
    <subfield code="g">psbo</subfield>
  </datafield>
  <datafield tag="801" ind1=" " ind2="1">
    <subfield code="a">RU</subfield>
    <subfield code="b">ELAR</subfield>
    <subfield code="2">rusmarc</subfield>
  </datafield>
  <datafield tag="852" ind1=" " ind2=" ">
    <subfield code="a">NLR</subfield>
    <subfield code="j">&#x41C;&#x434;10 &#x413;-7/34</subfield>
  </datafield>
  <datafield tag="942" ind1=" " ind2=" ">
    <subfield code="c">UNSPEC</subfield>
  </datafield>
  <datafield tag="980" ind1=" " ind2=" ">
    <subfield code="a">NB</subfield>
  </datafield>
</record>
